000 01238cam a2200157 4500500
005 20260322001624.0
041 _afre
042 _adc
100 1 0 _aBenaïssa, Chaïb
_eauthor
245 0 0 _aEfectos del entorno, efectos de grupo y conflictos de lealtad: La implicación yihadista como proceso de entrada circunstancial y bajo presión
260 _c2025.
500 _a20
520 _aEn el marco del programa de investigación europeo H2020 Dialogue About Radicalization And Equality (DARE), este estudio examina las trayectorias de radicalización en los entornos «islamistas» de la región de Bruselas-Capital. A partir de un estudio de caso basado en una investigación empírica y una encuesta etnográfica realizada a lo largo de varios años, se muestra la influencia de los factores estructurales, tanto locales como coyunturales. Combinando diversas fuentes, este estudio analiza cómo surge la implicación violenta en la intersección entre la trayectoria personal, las circunstancias y la disponibilidad biográfica.
786 0 _nEthnologie française | 55 | 2 | 2025-10-02 | p. 217-231 | 0046-2616
856 4 1 _uhttps://shs.cairn.info/revista-ethnologie-francaise-2025-2-page-217?lang=es&redirect-ssocas=7080
999 _c1716393
_d1716393